MARC

LEADER 00000nam0a2200000 4500
001 371058
005 20260219102922.0
035 |a (RuTPU)RU\TPU\retro\28467 
090 |a 371058 
100 |a 20220909d1977 m y0rusy50 ca 
101 0 |a rus 
102 |a RU 
105 |a a j 001zy 
200 1 |a Квантово-химические расчеты  |e учебное пособие  |f Л. Н. Петров, В. О. Рейхсфельд  |g Ленинградский технологический институт им. Ленсовета 
210 |a Ленинград  |c [Б. и.]  |d 1977 
215 |a 84 с.  |c ил. 
320 |a Библиогр.: с. 83 
606 1 |a Квантовая химия  |2 stltpush  |3 (RuTPU)RU\TPU\subj\69462  |9 84313 
610 1 |a квантовая механика 
610 1 |a атом 
610 1 |a строение 
610 1 |a молекулярные орбитали 
610 1 |a теория 
610 1 |a молекулы 
610 1 |a физико-химические характеристики 
610 1 |a расчет 
610 1 |a метод Хюккеля 
610 1 |a учебные пособия 
675 |a 544.18(075.8)  |v 4 
700 1 |a Петров  |b Л. Н.  |g Леонид Николаевич 
701 1 |a Рейхсфельд  |b В. О.  |g Валерий Орландович 
712 0 2 |a Ленинградский технологический институт им. Ленсовета  |c 1946-1993  |2 stltpush  |3 (RuTPU)RU\TPU\col\1462  |9 23567 
801 1 |a RU  |b 63413507  |c 20220909 
942 |c BK